The transforming cross. (Record no. 7569)

000 -LEADER
fixed length control field 00600nam a2200193 a 4500
001 - CONTROL NUMBER
control field :::00005330$&:&@@
003 - CONTROL NUMBER IDENTIFIER
control field OkBaRHE
005 - DATE AND TIME OF LATEST TRANSACTION
control field 20000607103325.0
008 - FIXED-LENGTH DATA ELEMENTS--GENERAL INFORMATION
fixed length control field s1977 j 000 0 eng u
040 ## - CATALOGING SOURCE
Transcribing agency
100 1# - MAIN ENTRY--PERSONAL NAME
Personal name McCoy, Charles S.
245 14 - TITLE STATEMENT
Title The transforming cross.
260 ## - PUBLICATION, DISTRIBUTION, ETC. (IMPRINT)
Place of publication, distribution, etc Nashville, TN., :
Name of publisher, distributor, etc Abingdon
Date of publication, distribution, etc c1977
300 ## - PHYSICAL DESCRIPTION
Extent 111 p. ;
Dimensions 19 cm.
650 ## - SUBJECT ADDED ENTRY--TOPICAL TERM
Topical term or geographic name as entry element Jesus Christ
General subdivision Seven Last Words
700 ## - ADDED ENTRY--PERSONAL NAME
Personal name McCoy, Marjorie Casebier, 1934- , Joint author.
942 ## - ADDED ENTRY ELEMENTS (KOHA)
Source of classification or shelving scheme
Koha item type Books
Copies
Date acquired Lost status Withdrawn status Damaged status Price effective from Shelving location Not for loan Koha item type Barcode Date last seen Copy number Permanent Location Full call number Source of classification or shelving scheme
2010-04-14   2010-04-14General Stacks Books53302010-04-141RHEMA Bible Training CollegeBT 456 .M25